00375nam a22001457a 4500003000700000005001700007008004100024082001800065100002400083245003400107250001400141260004300155300000800198650002300206MPLRDC20220104145913.0210129b ||||| |||| 00| 0 eng d a412.271 JYMZ  a菅原明子 监修 a家常菜防癌健康料理c a第一版 ab生活与健康推广研究会c1998 b平 a防癌健康料理